[Event "Orsay Blitz op"]
[Site "Europe Echecs INT"]
[Date "2023.09.17"]
[Round "9"]
[White "Desaint, Fabien"]
[Black "Saulnier, Laurent"]
[Result "1-0"]
[WhiteElo "1033"]
[BlackElo "1200"]
[PlyCount "67"]
[EventDate "2023.09.17"]
[EventType "swiss (blitz)"]
[EventRounds "11"]
[EventCountry "FRA"]
[SourceTitle "EXT 2025"]
[Source "ChessBase"]
[SourceDate "2024.10.14"]
[SourceVersion "1"]
[SourceVersionDate "2024.10.14"]
[SourceQuality "1"]

1. c4 e5 2. Nc3 Nf6 3. g3 d6 4. Bg2 Be7 5. e3 Nc6 6. Nge2 0-0 7. 0-0 Bg4 8. d4 exd4 9. exd4 d5 10. h3 Bh5 11. Nxd5 Nxd5 12. Bxd5 Bg6 13. Nf4 Bf6 14. Nxg6 hxg6 15. Be4 Bxd4 16. Be3 Bxe3 17. Qxd8 Bxf2+ 18. Rxf2 Raxd8 19. Bf3 Ne5 20. Bxb7 Rb8 21. Be4 Rxb2 22. Rxb2 Nxc4 23. Rb7 Nd2 24. Bd3 f5 25. Rxc7 Re8 26. Kf2 Re3 27. Kxe3 g5 28. Bxf5 g6 29. Bxg6 g4 30. hxg4 Ne4 31. Kxe4 Kf8 32. Rf1+ Kg8 33. Rff7 Kh8 34. Rc8# 1-0

[Event "Orsay Blitz op"]
[Site "Europe Echecs INT"]
[Date "2023.09.17"]
[Round "5"]
[White "Guzman Mellado, Arcadio"]
[Black "Saulnier, Laurent"]
[Result "1-0"]
[WhiteElo "1868"]
[BlackElo "1200"]
[PlyCount "21"]
[EventDate "2023.09.17"]
[EventType "swiss (blitz)"]
[EventRounds "11"]
[EventCountry "FRA"]
[SourceTitle "EXT 2025"]
[Source "ChessBase"]
[SourceDate "2024.10.14"]
[SourceVersion "1"]
[SourceVersionDate "2024.10.14"]
[SourceQuality "1"]

1. e4 e5 2. f4 d5 3. exd5 Nf6 4. c4 Nxd5 5. cxd5 Bg4 6. Qxg4 Bc5 7. Bc4 Qf6 8. fxe5 0-0 9. exf6 Nc6 10. dxc6 b6 11. Qxg7# 1-0

[Event "Orsay Blitz op"]
[Site "Europe Echecs INT"]
[Date "2023.09.17"]
[Round "7"]
[White "Kosciusko, Jacques"]
[Black "Saulnier, Laurent"]
[Result "1-0"]
[WhiteElo "1505"]
[BlackElo "1200"]
[PlyCount "47"]
[EventDate "2023.09.17"]
[EventType "swiss (blitz)"]
[EventRounds "11"]
[EventCountry "FRA"]
[SourceTitle "EXT 2025"]
[Source "ChessBase"]
[SourceDate "2024.10.14"]
[SourceVersion "1"]
[SourceVersionDate "2024.10.14"]
[SourceQuality "1"]

1. e4 e5 2. Nf3 Nf6 3. Nxe5 d6 4. Nf3 Nxe4 5. d4 d5 6. Bd3 Bd6 7. 0-0 0-0 8. Nbd2 Nf6 9. c4 c5 10. cxd5 Nxd5 11. Bc4 Be6 12. Ne4 Nc6 13. dxc5 b5 14. Bxb5 a6 15. Bxc6 Qa5 16. Bxa8 Qxc5 17. Nxc5 Rxa8 18. Nxe6 Re8 19. Qxd5 Rxe6 20. Be3 Bxh2+ 21. Kxh2 Rxe3 22. fxe3 a5 23. Qxa5 Kh8 24. Qd8# 1-0

[Event "Orsay Blitz op"]
[Site "Europe Echecs INT"]
[Date "2023.09.17"]
[Round "6"]
[White "Saulnier, Laurent"]
[Black "Dao, Anna"]
[Result "0-1"]
[WhiteElo "1200"]
[BlackElo "1099"]
[PlyCount "54"]
[EventDate "2023.09.17"]
[EventType "swiss (blitz)"]
[EventRounds "11"]
[EventCountry "FRA"]
[SourceTitle "EXT 2025"]
[Source "ChessBase"]
[SourceDate "2024.10.14"]
[SourceVersion "1"]
[SourceVersionDate "2024.10.14"]
[SourceQuality "1"]

1. e4 e6 2. d4 d5 3. Nc3 Nf6 4. exd5 exd5 5. Nf3 Bb4 6. Be2 Bg4 7. 0-0 0-0 8. h3 Be6 9. Bg5 Be7 10. Bf4 Nc6 11. Nb5 Bd6 12. Nxd6 cxd6 13. c3 Re8 14. Bd3 Qd7 15. Ng5 Bf5 16. Bb5 a6 17. Ba4 b5 18. Bb3 Ne4 19. Bxd5 Nxg5 20. Bxg5 Rac8 21. Re1 Rxe1+ 22. Qxe1 Re8 23. Qd2 Bxh3 24. Re1 Rxe1+ 25. Qxe1 Qf5 26. gxh3 Qxg5+ 27. Kh2 Qxd5 0-1